Caricamento...

SOOFIKALUDE SWADEENAM INDIAN MUSLIMKALIL

Dettagli Bibliografici
Autore principale: ABUJASMIN
Natura: Printed Book
Pubblicazione: www.salafivoice.com
Accesso online:http://10.26.1.76/ks/005722.pdf
LEADER 00339nam a22001097a 4500
100 |a ABUJASMIN  |9 29955 
245 |a SOOFIKALUDE SWADEENAM INDIAN MUSLIMKALIL 
260 |b www.salafivoice.com  
856 |u http://10.26.1.76/ks/005722.pdf 
942 |c KS 
999 |c 81221  |d 81221 
952 |0 0  |1 0  |4 0  |7 0  |9 73246  |a MGUL  |b MGUL  |d 2016-04-02  |l 0  |r 2016-04-02  |w 2016-04-02  |y KS